| 000 | 00727nam a22002537a 4500 | ||
|---|---|---|---|
| 003 | CBULib | ||
| 005 | 20231108101728.0 | ||
| 008 | 230720b |||||||| |||| 00| 0 eng d | ||
| 020 | _a9780199575114 | ||
| 040 |
_aLC _bEnglish _cCBULib _dCBULib _erda |
||
| 041 | _aeng | ||
| 050 | _aBD 632 Run | ||
| 100 | 1 |
_9145 _aRundle, Bede |
|
| 245 |
_aTime, space, and metaphysics _c/ by Bede Rundle |
||
| 260 |
_aOxford : _bOxford University Press, _c[2009] |
||
| 300 | _ax, 264 pages | ||
| 336 |
_2rdacontent _aText | _btxt |
||
| 337 |
_2rdamedia _aunmediated | _bu |
||
| 338 |
_2rdacarrier _avolume |
||
| 504 | _aIncludes references and index | ||
| 650 | 0 |
_9146 _aSPACE AND TIME |
|
| 650 | 0 |
_aMETAPHYSICS _9147 |
|
| 942 |
_2lcc _c002 |
||
| 999 |
_c81197 _d81197 |
||